Catálogo público

Introducción a la tecnología de la fabricación de piensos / (Record no. 172613)

MARC details
000 -CABECERA
campo de control de longitud fija 00889nam a2200265Ia 4500
001 - NÚMERO DE CONTROL
campo de control dia_2075
003 - IDENTIFICADOR DEL NÚMERO DE CONTROL
campo de control CHAP
005 - FECHA Y HORA DE LA ÚLTIMA TRANSACCIÓN
campo de control 20230412110230.0
008 - DATOS DE LONGITUD FIJA--INFORMACIÓN GENERAL
campo de control de longitud fija 220117s1967 xx 000 0 und d
010 ## - NÚMERO DE CONTROL DE LA BIBLIOTECA DEL CONGRESO
Número de control de LC 172613
040 ## - FUENTE DE LA CATALOGACIÓN
Centro/agencia transcriptor CHAP
082 ## - NÚMERO DE LA CLASIFICACIÓN DECIMAL DEWEY
Número de clasificación 636.084 D86 1967
100 ## - ENTRADA PRINCIPAL--NOMBRE DE PERSONA
Nombre de persona Dumonteil, M.
9 (RLIN) 34456
245 ## - MENCIÓN DE TÍTULO
Título Introducción a la tecnología de la fabricación de piensos /
Mención de responsabilidad, etc. M. Dumonteil ; traducción Antonio Pino Salgado
260 ## - PUBLICACIÓN, DISTRIBUCIÓN, ETC.
Lugar de publicación, distribución, etc. España :
Nombre del editor, distribuidor, etc. Acribia,
Fecha de publicación, distribución, etc. 1967
300 ## - DESCRIPCIÓN FÍSICA
Extensión 140 p.
500 ## - NOTA GENERAL
Nota general Título original: Tecnologie de la fabrication des aliments du rétail
650 ## - PUNTO DE ACCESO ADICIONAL DE MATERIA--TÉRMINO DE MATERIA
Término de materia o nombre geográfico como elemento de entrada Alimentos y alimentación de ganado
9 (RLIN) 152194
650 ## - PUNTO DE ACCESO ADICIONAL DE MATERIA--TÉRMINO DE MATERIA
Término de materia o nombre geográfico como elemento de entrada Fabricación de piensos
9 (RLIN) 152195
700 ## - PUNTO DE ACCESO ADICIONAL--NOMBRE DE PERSONA
Nombre de persona Pino Salgado, Antonio, tr.
9 (RLIN) 152196
901 ## - ELEMENTOS DE DATOS A LOCAL LDA (RLIN)
a 636.084 D86 1967
902 ## - ELEMENTOS DE DATOS B LOCAL, LDB (RLIN)
a M
905 ## - ELEMENTOS DE DATOS E LOCAL, LDE (RLIN)
a 0000001967 sp adn 0000000000spa00
942 ## - ELEMENTOS DE PUNTO DE ACCESO ADICIONAL (KOHA)
Tipo de ítem Koha Libro
Fuente del sistema de clasificación o colocación Dewey Decimal Classification
Holdings
Estado de retiro Estado de pérdida Fuente del sistema de clasificación o colocación Estado dañado No para préstamo Código de colección Localización permanente Ubicación/localización actual Fecha de adquisición Información codificada de la localización en otra ubicación Total de préstamos Signatura topográfica completa Código de barras Fecha visto por última vez Número de copia Precio válido a partir de Tipo de ítem Koha
    Dewey Decimal Classification     General Ingenieria Agroindustrial Ingenieria Agroindustrial 18/01/2022 1   636.084 D86 1967 dia_009989 18/01/2022 1 18/01/2022 Libro
    Dewey Decimal Classification     General Ingenieria Agroindustrial Ingenieria Agroindustrial 18/01/2022 1   636.084 D86 1967 dia_009990 18/01/2022 2 18/01/2022 Libro